| Поле | Инд. | ПП | Название | Значение |
|---|---|---|---|---|
| Тип записи | a | |||
| Библиографический уровень | b | |||
| 001 | Контрольный номер | DU/597415861 | ||
| 005 | Дата корректировки | 20200629065912.7 | ||
| 008 | Кодируемые данные | 20131217 | ||
| 040 | b | Код языка каталог. | rus | |
| e | Правила каталог. | PSBO | ||
| 041 | 0_ | a | Код языка текста | rus |
| 084 | a | Индекс другой классификации/Индекс ББК | 65.051.110.1 | |
| 100 | 1_ | a | Автор | Кузнецов С. Ю. |
| q | Полное имя | Кузнецов Сергей Юрьевич | ||
| 100 | 1_ | a | Автор | Пионтковский Д. И. |
| q | Полное имя | Пионтковский Дмитрий Игоревич | ||
| 100 | 1_ | a | Автор | Соколов Д. Д. |
| q | Полное имя | Соколов Денис Дмитриевич | ||
| 100 | 1_ | a | Автор | Старчикова О. С. |
| q | Полное имя | Старчикова Ольга Сергеевна | ||
| 245 | 10 | a | Заглавие | Эмпирическое сравнение математических методов построения динамических рядов системы таблиц "затраты - выпуск" |
| 504 | a | Библиография | Лит. в конце статьи. | |
| 520 | 0_ | a | Аннотация | Исследуется сравнительная эффективность методов проекции таблиц "затраты - выпуск" применительно к таблицам использования. |
| 650 | a | Основная рубрика | экономика | |
| a | Основная рубрика | экономическая статистика | ||
| 653 | 1_ | a | Ключевые слова | макроэкономика |
| a | Ключевые слова | макроэкономическая статистика | ||
| a | Ключевые слова | международная статистика | ||
| a | Ключевые слова | межотраслевое производство | ||
| a | Ключевые слова | межотраслевой баланс | ||
| a | Ключевые слова | межотраслевые связи | ||
| a | Ключевые слова | метод "затраты - выпуск" | ||
| a | Ключевые слова | метод GRAS | ||
| a | Ключевые слова | метод Куроды | ||
| a | Ключевые слова | методология макроэкономической статистики | ||
| a | Ключевые слова | модели экономического роста | ||
| a | Ключевые слова | проекция | ||
| a | Ключевые слова | производство | ||
| a | Ключевые слова | структура затрат | ||
| a | Ключевые слова | структура распределения | ||
| a | Ключевые слова | таблицы "затраты-выпуск" | ||
| a | Ключевые слова | экономико-математическое моделирование | ||
| 773 | 0_ | t | Заглавие источника | Экономический журнал ВШЭ |
| d | Дата издания источника | 2016 | ||
| g | Прочая информация | Т. 20, № 4. - С. 711 - 730 : расчет., табл. | ||
| w | Контрольный № источника | DU/537979572 | ||
| 901 | t | Тип документа | b |